|
|
|
|
| LEADER |
00000nam0a2200000 4500 |
| 001 |
60166 |
| 005 |
20250225063225.0 |
| 010 |
|
|
|a 5751116100
|
| 035 |
|
|
|a (RuTPU)RU\TPU\book\63632
|
| 090 |
|
|
|a 60166
|
| 100 |
|
|
|a 20040203d2002 k y0rusy50 ca
|
| 101 |
0 |
|
|a rus
|
| 102 |
|
|
|a RU
|
| 105 |
|
|
|a y z 000zy
|
| 200 |
1 |
|
|a Гуманитарное исследование в образовании: опыт, размышления, проблемы
|e Коллективная монография
|f Томский государственный университет; Межрегиональный институт общественных наук; Под ред. Г. Н. Прозументовой
|
| 210 |
|
|
|a Томск
|c Изд-во ТГУ
|d 2002
|
| 215 |
|
|
|a 342 с.
|
| 606 |
1 |
|
|a Народное образование
|2 stltpush
|3 (RuTPU)RU\TPU\subj\44876
|9 64152
|
| 610 |
1 |
|
|a образование
|
| 610 |
1 |
|
|a философия
|
| 610 |
1 |
|
|a методология
|
| 610 |
1 |
|
|a гуманитаризация
|
| 610 |
1 |
|
|a гуманитарное образование
|
| 610 |
1 |
|
|a исследования
|
| 610 |
1 |
|
|a инновации
|
| 686 |
|
|
|a Ч30/49
|v LBC/SL-A
|2 rubbk
|
| 702 |
|
1 |
|a Прозументова
|b Г. Н.
|g Галина Николаевна
|4 340
|
| 712 |
0 |
2 |
|a Томский государственный университет
|c 1917-2009
|7 ca
|8 rus
|2 stltpush
|3 (RuTPU)RU\TPU\col\397
|9 23396
|
| 712 |
0 |
2 |
|a Межрегиональный институт общественных наук
|2 stltpush
|3 (RuTPU)RU\TPU\col\4482
|9 23988
|
| 801 |
|
1 |
|a RU
|b 63413507
|c 20040203
|g PSBO
|
| 801 |
|
2 |
|a RU
|b 63413507
|c 20130401
|g PSBO
|
| 942 |
|
|
|c BK
|